Moderní metódy řízení
Salvato in:
| Autore principale: | |
|---|---|
| Natura: | Libro |
| Lingua: | ceco |
| Pubblicazione: |
Praha
Oborový institut TST
1984
|
| Edizione: | 1. vyd. |
| Tags: |
Nessun Tag, puoi essere il primo ad aggiungerne!!
|
MARC
| LEADER | 00000nam a2200000 4500 | ||
|---|---|---|---|
| 001 | c024628 | ||
| 005 | 20250507081531.5 | ||
| 041 | 0 | |a cze | |
| 044 | |a CZ | ||
| 245 | 1 | 0 | |a Moderní metódy řízení |c Václav Dolanský |
| 250 | |a 1. vyd. | ||
| 264 | 1 | |a Praha |b Oborový institut TST |c 1984 | |
| 300 | |a 90 s. | ||
| 100 | 1 | |a Dolanský, Václav | |